=LDR 00000nam 2200000 4500 =001 INLIS000000000013899 =005 20130612105223 =008 ***********************************Ind** =035 ##$$0010-061300000013899 =041 ##$$a Ind =082 ##$$a 635.646 =090 ##$$a 635.646, Sut b =100 ##$$a Sutasad, A.Adi =245 ##$$a Budidaya terung lokal dan terung Jepang, A.Adi Soetasad =260 ##$$a 2003 $b Jakarta =300 ##$$a 96 hlm, Ilus, 21 cm =650 ##$$a Terung =850 ##$$a NBPNMAT